000
00283 a2200121 4500
001
147077
040
_c
Escola São Tomás de Aquino
100
_a
IACOCCA, Liliana
240
1
0
_a
A girafa sem sono
_l
por
245
1
0
_a
A girafa sem sono
697
_a
*LITERATURA INFANTIL
942
_c
BK
999
_c
147077
_d
147077